Harry Potter Surnames - Statistics

General Stats
  • This quiz has been taken 114 times
  • The average score is 12 of 18
Answers on the Grid
Answers color-coded by a green-red scale on the quiz's grid according to % correct below.
Granger
Ranger
Moody
Lovegood
Lockhart
Fisher
Figg
Grubblyplank
Lovejoy
Hooch
Pear
Shunpike
Creevey
Tooth
Thomas
Thompson
Bradley
Pettigrew
Radcliffe
Tonks
Filch
Jenkinson
Krum
Zabini
Watson
Walker
Flamel
Wood
King
Finnigan
 
Answer Stats
Answer % Correct
Granger
97%
Lockhart
92%
Lovegood
84%
Moody
82%
Figg
71%
Pettigrew
68%
Creevey
65%
Hooch
62%
Filch
60%
Krum
58%
Thomas
58%
Tonks
58%
Finnigan
57%
Wood
55%
Flamel
52%
Shunpike
52%
Grubblyplank
51%
Zabini
48%
No matching quizzes found
Score Distribution
Percent of People with Each Score
Percentile by Number Answered
Your Score History
You have not taken this quiz